00274nam a2200097 a 450000500170000000800410001705000170005810000160007524500480009126000370013920140414131926.0101027s19uu xx 00 eng d aERbF91 1991 aPilkey, Dav aA friend for dragon :bDragon's first tale. aNew York :bScholastic ,c1991.